<?xml version="1.0" encoding="UTF-8"?>
<record
    xmlns:xsi="http://www.w3.org/2001/XMLSchema-instance"
    xsi:schemaLocation="http://www.loc.gov/MARC21/slim http://www.loc.gov/standards/marcxml/schema/MARC21slim.xsd"
    xmlns="http://www.loc.gov/MARC21/slim">

  <leader>01213    a2200181   4500</leader>
  <datafield tag="999" ind1=" " ind2=" ">
    <subfield code="c">26288</subfield>
    <subfield code="d">26288</subfield>
  </datafield>
  <datafield tag="020" ind1=" " ind2=" ">
    <subfield code="a">9780367444884</subfield>
  </datafield>
  <datafield tag="082" ind1=" " ind2=" ">
    <subfield code="a">305.420954</subfield>
    <subfield code="b">FOR-W</subfield>
  </datafield>
  <datafield tag="100" ind1=" " ind2=" ">
    <subfield code="a">Forster, Christine  </subfield>
  </datafield>
  <datafield tag="100" ind1=" " ind2=" ">
    <subfield code="a">Sagade, Jaya </subfield>
  </datafield>
  <datafield tag="245" ind1=" " ind2=" ">
    <subfield code="a">Women's human rights in India </subfield>
  </datafield>
  <datafield tag="250" ind1=" " ind2=" ">
    <subfield code="a">South Asia Edition </subfield>
  </datafield>
  <datafield tag="260" ind1=" " ind2=" ">
    <subfield code="b">Routledge</subfield>
    <subfield code="c">2020</subfield>
    <subfield code="a">New York </subfield>
  </datafield>
  <datafield tag="300" ind1=" " ind2=" ">
    <subfield code="a">viii, 224p. </subfield>
  </datafield>
  <datafield tag="504" ind1=" " ind2=" ">
    <subfield code="a">Include Index
</subfield>
  </datafield>
  <datafield tag="520" ind1=" " ind2=" ">
    <subfield code="a">This book focuses on women's human rights in India. Drawing on case studies, it provides a clear overview of the key sources on gender and rights in the country. Further, it contextualizes women's rights at the critical intersection of caste, religion and class, and analyses barriers to the realization of women's human rights in practice. It also develops strategies for moving forward towards greater recognition, protection, promotion and fulfilment of women's human rights in India. Drawing on critical pedagogical tools to analyse groundbreaking court cases, this book will be a key text in human rights studies. It will be indispensable to students, scholars and researchers of gender studies, sociology, law and human rights.</subfield>
  </datafield>
  <datafield tag="650" ind1=" " ind2=" ">
    <subfield code="a">Women's rights</subfield>
    <subfield code="v">Human rights</subfield>
    <subfield code="v">Legal status</subfield>
    <subfield code="z">India</subfield>
  </datafield>
  <datafield tag="942" ind1=" " ind2=" ">
    <subfield code="2">ddc</subfield>
    <subfield code="c">BK</subfield>
  </datafield>
  <datafield tag="952" ind1=" " ind2=" ">
    <subfield code="0">0</subfield>
    <subfield code="1">0</subfield>
    <subfield code="4">0</subfield>
    <subfield code="7">0</subfield>
    <subfield code="a">NASSDOC</subfield>
    <subfield code="b">NASSDOC</subfield>
    <subfield code="d">2020-07-08</subfield>
    <subfield code="e">OP</subfield>
    <subfield code="g">726.35</subfield>
    <subfield code="i">2020-06-11</subfield>
    <subfield code="l">0</subfield>
    <subfield code="o">305.420954 FOR-W</subfield>
    <subfield code="p">51036</subfield>
    <subfield code="r">2020-07-15 00:00:00</subfield>
    <subfield code="v">995.00</subfield>
    <subfield code="w">2020-07-15</subfield>
    <subfield code="y">BK</subfield>
  </datafield>
</record>
